Представление документа в формате RUSMARC

ПолеНазваниеЗначение
  Тип записи a
  Библиографический уровень m
001 Контрольный номер 3a2e9925a9d44f5ead11b54bec7c5c8b
005 Дата корректировки 20260619090103.9
010 Индекс ISBN __
b Уточнения В пер.
100 Данные общей обработки __
a Данные общей обработки 20260618d2026 cd y0rusy028902 ca
101 Язык документа 1_
a Язык текста rus
c Язык оригинала eng
102 Страна публикации __
a Страна публикации RU
105 Кодированные данные (монография) __
a Кодированные данные (монография) y z 000ay
181 Поле кодированных данных: вид содержания _0
a Код вида содержания (ISBD) i
182 Поле кодированных данных: тип средства _0
a Код типа средства (ISBD) n
200 Заглавие и сведения об ответственности 1_
a Заглавие Кн. 2
203 Вид содержания и тип средства __
a Вид содержания Текст
c Тип средства непосредственный
210 Выходные данные 1_
d Дата издания 2026
215 Физическое описание __
a Объем 167 с.
d Формат 21 см
333 Примечание о целевом назначении __
a Примечание о целевом назначении 6+. Для детей старше шести лет
461 Уровень набора _0
1 700 1
a Толкин
b Д. Р. Р.
g Джон Рональд Руэл
f 1892-1973
1 2001
a Хоббит, или Туда и обратно
f Джон Рональд Руэл Толкин
e [сказка] : в 3 книгах : издание для слабовидящих
v Кн. 2
1 2101
a Москва
c Чинар
d 2026-2026
1 001785708f475e24e73b30f85984fcec788
1 203
a Текст
c непосредственный
1 2252
a Круг чтения
e издание для слабовидящих
606 Тематические рубрики __
2 Код системы nlr_sh
a Основная рубрика Художественная литература
606 Тематические рубрики __
2 Код системы nlr_sh
a Основная рубрика Литература Европы (произведения)
y Географическая подрубрика Великобритания
610 Ключевые слова 0_
a Ключевые слова зарубежная литература
610 Ключевые слова 0_
a Ключевые слова фантастическая литература
610 Ключевые слова 0_
a Ключевые слова английская литература
610 Ключевые слова 0_
a Ключевые слова зарубежная фантастика
610 Ключевые слова 0_
a Ключевые слова фантастика
610 Ключевые слова 0_
a Ключевые слова фэнтези
610 Ключевые слова 0_
a Ключевые слова тема приключений
610 Ключевые слова 0_
a Ключевые слова приключенческое фэнтези
610 Ключевые слова 0_
a Ключевые слова сказочные приключения
610 Ключевые слова 0_
a Ключевые слова детская литература
610 Ключевые слова 0_
a Ключевые слова детское фэнтези
610 Ключевые слова 0_
a Ключевые слова подростковая литература
610 Ключевые слова 0_
a Ключевые слова подростковое фэнтези
610 Ключевые слова 0_
a Ключевые слова тема хоббитов
610 Ключевые слова 0_
a Ключевые слова экранизации
610 Ключевые слова 0_
a Ключевые слова экранизированные книги
610 Ключевые слова 0_
a Ключевые слова эпическое фэнтези
610 Ключевые слова 0_
a Ключевые слова хоббиты
610 Ключевые слова 0_
a Ключевые слова гномы
610 Ключевые слова 0_
a Ключевые слова тема гномов
610 Ключевые слова 0_
a Ключевые слова тема путешествий
610 Ключевые слова 0_
a Ключевые слова сказочные путешествия
610 Ключевые слова 0_
a Ключевые слова сказочные приключения
610 Ключевые слова 0_
a Ключевые слова тема волшебства
610 Ключевые слова 0_
a Ключевые слова сказочные истории
610 Ключевые слова 0_
a Ключевые слова авторские сказки
610 Ключевые слова 0_
a Ключевые слова литературные сказки
610 Ключевые слова 0_
a Ключевые слова тема волшебников
610 Ключевые слова 0_
a Ключевые слова книги для незрячих
610 Ключевые слова 0_
a Ключевые слова чтение для слабовидящих
686 Индексы других классификаций __
2 Код системы rubbks
a Классификационный индекс ст84(4Вел)-445я0
801 Источник записи _0
a Страна RU
b Организация Муниципальное бюджетное учреждение культуры "Централизованная библиотечная система" г. Сургут (Центральная городская библиотека им. А. С. Пушкина)
c Дата составления 20260618
g Правила каталогизации PSBO
801 Источник записи _1
a Страна RU
b Организация Муниципальное бюджетное учреждение культуры "Централизованная библиотечная система" г. Сургут (Центральная городская библиотека им. А. С. Пушкина)
c Дата составления 20260618
g Правила каталогизации PSBO
852 Данные о местонахождении __
i Авторский знак Т 52
j Шифр хранения ст84(4Вел)-445я0
901 Тип документа __
t Тип документа n
w Контрольный № источника 785708f475e24e73b30f85984fcec788
a Ответственный ООФиК/Губина
901 Тип документа __
a Ответственный без партии
903 Характеристики (МАРС) __
c Наименование библиотеки (МАРС) Муниципальное бюджетное учреждение культуры "Централизованная библиотечная система" г. Сургут (Центральная городская библиотека им. А. С. Пушкина)
a Дата передачи 20260618
969 Тип издания __
a Тип издания спецформат
a Тип издания спецформат-крупношрифтовое
a Тип издания крупношрифтовое издание
a Тип издания издание для детей
a Тип издания издание для подростков
a Тип издания Ф 26